00453nam a2200145Ia 4500100002500000942000700025654002700032245006100059260003900120082001700159300000800176546001200184999001700196952009400213 aBowersox/ Donald/ J  cBK aLogistical Management aLogistical Management - Integrated Supply Chain Process bTata Mc Graw hillaNew Delhic2000 a658.788bBOW a730 aENGLISH c20592d20592 001040708PTaCRCEbCRCEd2023-03-17l0o658.788 BOWpPT431r2023-03-17w2023-03-17yBK